000 00534nam a22001937a 4500
003 KOHA_MİRAKIL
005 20251024154903.0
008 251024b tu ||||| |||| 00| 0 tur d
020 _a9786053422587
040 _aTR-AnABB
_btur
_cTR-AnABB
041 _atur
082 _a813.42
_bERC 2015
100 1 _aErcilasun, Ahmet Bican,
245 1 0 _aGülnar /
_cAhmet Bican Ercilasun
260 _aAnkara :
_bAkçağ Yayınları,
_c2015
300 _a167 sayfa ;
_c21 cm
650 0 4 _aTürk edebiyatı, roman
942 _2ddc
_cBK
999 _c9211
_d9211
900 _bGizem YORULMAZ